000 00674nam a2200253 i 4500
001 C2-0246396
003 PPAK
005 20180727211149.0
008 030323s1998 enka|||| ||||| | eng d
020 _a0751356263
040 _aPPAK
_beng
_cPPAK
_erda
082 0 4 _a745.5
_223
090 0 0 _a745.5
_bBUC
_dRK
100 1 _aBuchanan, Neil,
_eauthor
245 1 0 _aArt attack
264 1 _aLondon :
_bDorling Kindersley ,
_c1998
300 _a64 pages :
_bcolour illustrations ;
_c29 cm
336 _2rdacontent
_atext
337 _2rdamedia
_aunmediated
338 _2rdacarrier
_avolume
500 _aIncludes index
650 1 0 _aHandicraft. ; Art.
942 _ddc
_cB
999 _c60337
_d60337